| 000 | 00929nam a2200241Ia 4500 | ||
|---|---|---|---|
| 001 | 10667 | ||
| 003 | GE_BSU | ||
| 008 | 181216s||||||||xx |||||||||||||| ||und|| | ||
| 020 | _a9789941918902 | ||
| 040 | _cGE_BSU | ||
| 080 | _a821.353.1(072) | ||
| 100 | _aღამბაშიძე,ნინო. | ||
| 245 | _aქართული ლიტერატურის სწავლების თეორია და პრაქტიკა. წ.1 | ||
| 250 | _aმე–2 გამოცემა. | ||
| 260 | _aთბილისი. | ||
| 260 | _bარტლაინსი. | ||
| 260 | _c2011. | ||
| 300 | _a52გვ;25სმ. | ||
| 300 | _eბიბლიოგრ.რექსტ.შენიშვნ და გვ.49. | ||
| 541 | _h7ლ. | ||
| 653 | _aქართული ლიტერატურის სწავლების თეორია და პრაქტიკა. | ||
| 942 | _cBK | ||
| 999 |
_c43918 _d43918 |
||